Brief notes on the New Testament. (Record no. 5222)

000 -LEADER
fixed length control field 00635nam a2200193 a 4500
001 - CONTROL NUMBER
control field :::00002963$&:&@@
003 - CONTROL NUMBER IDENTIFIER
control field OkBaRHE
005 - DATE AND TIME OF LATEST TRANSACTION
control field 20000607103258.0
008 - FIXED-LENGTH DATA ELEMENTS--GENERAL INFORMATION
fixed length control field s1943 j 000 0 eng u
040 ## - CATALOGING SOURCE
Transcribing agency
100 1# - MAIN ENTRY--PERSONAL NAME
Personal name Clark, George W.
245 10 - TITLE STATEMENT
Title Brief notes on the New Testament.
260 ## - PUBLICATION, DISTRIBUTION, ETC. (IMPRINT)
Place of publication, distribution, etc Philadelphia, PA., :
Name of publisher, distributor, etc American Baptist Pub. Society
Date of publication, distribution, etc 1943
300 ## - PHYSICAL DESCRIPTION
Extent 747 p. : illus. ;
Dimensions 18 cm.
650 ## - SUBJECT ADDED ENTRY--TOPICAL TERM
Topical term or geographic name as entry element Bible New Testament
General subdivision Study
700 ## - ADDED ENTRY--PERSONAL NAME
Personal name Pendleton, J. M. (James Madison), 1811-1891.
942 ## - ADDED ENTRY ELEMENTS (KOHA)
Source of classification or shelving scheme
Koha item type Books
Copies
Koha item type Withdrawn status Price effective from Barcode Damaged status Not for loan Source of classification or shelving scheme Permanent Location Lost status Date last seen Copy number Date acquired Full call number Shelving location
Books 2010-04-142963   RHEMA Bible Training College 2018-03-1612010-04-14BS 2525 .C566General Stacks